| 000 | 00792nam a22001937a 4500 | ||
|---|---|---|---|
| 008 | 111025t xxu||||| |||| 00| 0 eng d | ||
| 020 | _a9781844801985 | ||
| 050 | _aG155.A1 P11 | ||
| 100 | _aPage, Stephen J. | ||
| 245 |
_aTourism: a modern synthesis / _cStephen J. Page |
||
| 250 | _a2nd ed. | ||
| 260 |
_aAustralia, _bThomson: _cc2006. |
||
| 300 |
_axxviii, 546p.: _billus, maps (some col.) _c28cm. |
||
| 500 | _aIncludes bibliographical references and index. | ||
| 505 | _aContents: Understanding tourism -- Understanding the tourism industry -- Managing tourist operations and communicating with visitor -- The Impact of tourism -- Trends and themes in the use of tourist resources -- Managing tourism activities. | ||
| 650 | _aTourism | ||
| 700 | _aConnell, Joanne | ||
| 942 |
_2lcc _cBK |
||
| 999 |
_c192 _d7692 |
||